| 000 | 00532nam a2200193Ia 4500 | ||
|---|---|---|---|
| 005 | 20250521104553.0 | ||
| 008 | 240825s9999 xx 000 0 und d | ||
| 020 |
_a9788180942075 _qhbk |
||
| 041 | _aeng | ||
| 082 |
_a305.5 _bTHU |
||
| 100 | _aThurston, Edgar | ||
| 245 | 0 |
_aCastes and Tribes of Southern India(Vols7) _c/Edgar Thurston, C.I.E., |
|
| 250 | _a1st edition | ||
| 260 |
_bMJP _c2023 _aChennai |
||
| 300 |
_a227 pages _c24 cm |
||
| 504 | _aindex | ||
| 650 | _aCaste and Tribes of Southern India | ||
| 942 | _cENGLISH | ||
| 999 |
_c547318 _d547318 |
||